| Tag |
First Indicator |
Second Indicator |
Subfields |
| LEADER |
00000cam a2200000 i 4500 |
| 001 |
in00004785913 |
| 008 |
230816t20242024nyuabj b 001 0deng |
| 005 |
20251006195407.5 |
| 010 |
|
|
|a 2023032631
|
| 020 |
|
|
|a 9780197677339
|
| 020 |
|
|
|a 0197677339
|q hardcover
|
| 020 |
|
|
|z 9780197677346
|q electronic publication
|
| 020 |
|
|
|z 9780197677360
|q electronic publication
|
| 035 |
|
|
|a (OCoLC)on1394015709
|
| 035 |
|
|
|a (OCoLC)1394015709
|
| 040 |
|
|
|a DLC
|e rda
|c DLC
|d TXA
|
| 043 |
|
|
|a a-ja---
|a a-kr---
|
| 050 |
0 |
0 |
|a DS864
|b .C66 2024
|
| 082 |
0 |
0 |
|a 952/.023
|2 23/eng/20230816
|
| 100 |
1 |
|
|a Conlan, Thomas,
|e author.
|
| 245 |
1 |
0 |
|a Kings in all but name :
|b the lost history of Ōuchi rule in Japan, 1350-1569 /
|c Thomas D. Conlan.
|
| 264 |
|
1 |
|a New York :
|b Oxford University Press,
|c [2024].
|
| 264 |
|
4 |
|c ©2024.
|
| 300 |
|
|
|a xv, 449 pages :
|b illustrations, maps, genealogical tables ;
|c 25 cm.
|
| 336 |
|
|
|a text
|b txt
|2 rdacontent
|
| 337 |
|
|
|a unmediated
|b n
|2 rdamedia
|
| 338 |
|
|
|a volume
|b nc
|2 rdacarrier
|
| 504 |
|
|
|a Includes bibliographical references (pages [391]-423) and index.
|
| 505 |
0 |
|
|a Introduction. The lost history of Ōuchi rule -- The founder Ōuchi Hiroyo -- Ōuchi Yoshihiro and the forging of Ōuchi identity -- The one who could see stars : the unlikely rule of Ōuchi Moriakira -- Fraternal succession, expanding trade, and durable administration -- Trader, shogun, king, and god -- Ōuchi Masahiro and the rise of Yamaguchi -- Yoshioki and the apogee of Ōuchi rule (1495-1528) -- The triumphs and tragedy of Ōuchi Yoshitaka (1528-51) -- The collapse -- Epilogue. Legacies.
|
| 520 |
|
|
|a In the sixteenth century, the Ōuchi family were kings in all but name over much of the Japanese archipelago. Immensely wealthy, they controlled sea lanes stretching out from Japan to Korea and China, while the Ōuchi city of Yamaguchi functioned as an important regional entrepôt, with an expanding population and a host of temples and shrines. The family was unique in claiming ethnic descent from Korean kings, and, remarkably for this time, such claims were recognized in both Korea and Japan. Their position, coupled with dominance over strategic ports and mines, allowed them to facilitate trade throughout east and southeast Asia. They played a key cultural role, in disseminating Confucian texts, Buddhist sutras, ink paintings and pottery and in creating a distinctive, hybrid culture that fused Japanese, Korean and Chinese beliefs, objects and customs. This monograph reveals that Japan from the fourteenth through the sixteenth centuries was an ethnically diverse state, replete with extensive mines and closely bound in trading ties to Korea and China. It focuses on the Ōuchi, a magnate family from western Japan that was overthrown shortly after the period of initial Portuguese contact. The work provides a chronological narrative of their rule, focusing on the Ōuchi rulers, and showing how rituals, policies politics and economics were interwoven and that what has been thought of as a period of warfare and turmoil was actually a stable and prosperous trading state.
|
| 600 |
3 |
0 |
|a Ōuchi family.
|
| 651 |
|
0 |
|a Japan
|x Kings and rulers.
|
| 651 |
|
0 |
|a Korea
|x Kings and rulers.
|
| 651 |
|
0 |
|a Japan
|x Politics and government
|y 1333-1600.
|
| 650 |
|
0 |
|a Daimyo
|z Japan.
|
| 651 |
|
0 |
|a Yamaguchi-ken (Japan)
|x Politics and government.
|
| 651 |
|
0 |
|a Japan
|x Foreign relations
|y 1185-1600.
|
| 651 |
|
0 |
|a Korea
|x Foreign relations
|y 1392-1637.
|
| 651 |
|
0 |
|a Japan
|x Relations
|z Korea.
|
| 651 |
|
0 |
|a Korea
|x Relations
|z Japan.
|
| 651 |
|
0 |
|a Yamaguchi-ken (Japan)
|v Genealogy.
|
| 650 |
|
0 |
|a Daimyo
|v Genealogy.
|
| 948 |
|
|
|a dmitchel 10/6/25 2.50.40
|
| 955 |
|
|
|a Print purchased PDA title.
|
| 961 |
|
|
|m 565730
|
| 999 |
f |
f |
|s bc4c7624-0b5a-4617-84c6-2b4013293107
|i de07d251-83b6-4f29-b073-98cbbe816565
|t 0
|
| 952 |
f |
f |
|p normal
|a Texas A&M University
|b College Station
|c Sterling C. Evans Library
|d Evans: Library Stacks
|t 0
|e DS864 .C66 2024
|h Library of Congress classification
|i unmediated -- volume
|m A14852201202
|
| 998 |
f |
f |
|a DS864 .C66 2024
|t 0
|l Evans: Library Stacks
|